000 00695nam a2200253Ia 4500
003 OSt
005 20220924114250.0
006 a|||||r|||| 00| 0
007 ta
008 220923b |||||||| |||| 00| 0 urd d
020 _c6
024 _a323071
037 _cTextual
040 _aARTS
_cARTS
_burd
041 _2urd
_aurd
082 _aV2:51wM94, 168J5
100 _aSalik Abdul Majeed Au.
_9172704
245 0 _aSarguzasht
260 _aAmritsar
_bKitab ghar India
_c1955
300 _a535p.
_ccm.
650 _aINDIA - HISTORY - FREEDOM STRUGGLE
_922401
942 _hV2:51wM94, 168J5
_cTEXL
_2CC
999 _c392756
_d392756